000 00301nam a22001337a 4500
008 170216b xxu||||| |||| 00| 0 eng d
020 _a9781418067069
041 _aeng
080 _29TH
_a61
100 _a4
101 _aSHM
245 _aUNDERSTANDING HEALTH INSURANCE
_cGREEN, M.A
942 _2udc
_cBK
999 _c5631
_d5631